Vykurovanie 2019 smart technológie a inovácie pri zásobovaní teplom : 27. medzinárodná vedecko-odborná konferencia : 1.-5. apríl 2019 : Podbanské, Vysoké Tatry

Bibliographic Details
Corporate Author: Vykurovanie Podbanské, Slovensko (Author)
Other Authors: Petráš, Dušan, 1956- (Editor), Švecová, Zuzana, 1970- (Editor)
Format: Conference Proceeding Book
Language:Slovak
Czech
English
PhysicalDescription:488 strán fotografie, grafy, tabuľky 30 cm
Published: Bratislava Slovenská spoločnosť pre techniku prostredia 2019
ISBN:9788089878413
Edition:Vydanie prvé
Subjects:

MARC

LEADER 00000nam a2200000 4500
001 vtls011967658
003 SK-MaSNL
005 20260301102917.0
008 220107s2019 xo odl fr 100 0 slo
015 |a SNBA2021/01 
020 |a 9788089878413  |q (brožované) 
035 |a urn:nbn:sk:snk-am00g4x3 
035 |a urn:nbn:sk:snk-am3iyo8 
035 |a BA400E6D-8DA1-4DCD-A0AE-802484321BBF 
040 |a SNK  |b slo  |c SNK  |e rda 
041 0 |a slo  |a cze  |a eng 
044 |a xo  |c SK 
072 7 |a 697  |x Vykurovanie, vetranie, klimatizácia  |2 konspekt 
072 7 |a 620.9  |x Energetika  |2 konspekt 
080 |a 697.1/.7  |2 2011 
080 |a 697.11  |2 2011 
080 |a 620.92/.95  |2 2011 
080 |a 697.3/.5  |2 2011 
080 |a (062.534)  |2 2011 
111 2 |a Vykurovanie  |n (27. :  |d 2019 :  |c Podbanské, Slovensko)  |4 aut  |9 439382 
245 1 0 |a Vykurovanie 2019  |b smart technológie a inovácie pri zásobovaní teplom : 27. medzinárodná vedecko-odborná konferencia : 1.-5. apríl 2019 : Podbanské, Vysoké Tatry  |c editor: Dušan Petráš, Zuzana Švecová 
246 3 0 |a Smart technológie a inovácie pri zásobovaní teplom 
250 |a Vydanie prvé 
264 1 |a Bratislava  |b Slovenská spoločnosť pre techniku prostredia  |c 2019 
300 |a 488 strán  |b fotografie, grafy, tabuľky  |c 30 cm 
336 |a text  |b txt  |2 rdacontent 
337 |a bez média  |b n  |2 rdamedia 
338 |a zväzok  |b nc  |2 rdacarrier 
366 |e 100 kusov 
504 |a Obsahuje bibliografiu 
546 |a Príspevky aj v češtine a angličtine 
650 0 7 |a vykurovanie  |2 SNKPH  |9 14779 
650 0 7 |a energetická náročnosť budov  |2 SNKPH  |9 98725 
650 0 7 |a alternatívne energetické zdroje  |2 SNKPH  |9 3476 
650 0 7 |a zásobovanie teplom  |2 SNKPH  |9 31022 
650 0 7 |a Heating  |2 SNKPHeng  |9 274659 
650 0 7 |a Energy intensiveness of buildings  |2 SNKPHeng  |9 315553 
650 0 7 |a Renewable energy sources  |2 SNKPHeng  |9 266485 
650 0 7 |a Heat supply  |2 SNKPHeng  |9 336869 
655 7 |a zborníky konferencií  |2 SNKPH  |9 70153 
655 7 |a Proceedings of conferences  |2 SNKPHeng  |9 265791 
700 1 |a Petráš, Dušan,  |d 1956-  |4 edt  |9 85201 
700 1 |a Švecová, Zuzana,  |d 1970-  |4 edt  |9 203643 
919 |a 978-80-89878-41-3 
958 |a NB 
958 |a CZ 
999 |c 693539  |d 695469 
952 |a SNK  |b SNK  |y VYP  |7 0  |p 17A1425341  |o snkSB 95432 D1  |i snk2020/8050  |8 0  |0 0  |1 0  |4 0  |d 2020-05-19  |l 0  |r 2026-02-23 20:34:10  |w 2026-02-23 
952 |a SNK  |b SNK  |y PREZ  |7 0  |p 17A1425342  |o snkSB 95432  |i snk2020/8049  |8 0  |0 0  |1 0  |4 0  |d 2020-05-19  |f 1  |l 0  |r 2025-05-15 00:00:00  |w 2026-02-23